Greek names of Turkish cities - Statistics

General Stats
  • This quiz has been taken 104 times
  • The average score is 10 of 17
Answer Stats
Hint Answer % Correct
Constantinople Istanbul
100%
Smyrna Izmir
95%
Ancyra Ankara
83%
Trapezus Trabzon
80%
Attalia Antalya
75%
Sinope Sinop
68%
Hadrianopolis Edirne
67%
Iconium Konya
61%
Zephyrion/Myrsine Mersin
54%
Antiochia Antakya
53%
Tarsos Tarsus
45%
Amaseia Amasya
44%
Nicomedia İzmit
40%
Magnesia Manisa
39%
Nicaea İznik
29%
Petronium Bodrum
18%
Parthenios Bartın
13%
No matching quizzes found
Score Distribution
Percent of People with Each Score
Percentile by Number Answered
Your Score History
You have not taken this quiz